<?xml version="1.0" encoding="UTF-8"?><?xml-stylesheet type="text/xsl" href="static/style.xsl"?><OAI-PMH xmlns="http://www.openarchives.org/OAI/2.0/" xmlns:xsi="http://www.w3.org/2001/XMLSchema-instance" xsi:schemaLocation="http://www.openarchives.org/OAI/2.0/ http://www.openarchives.org/OAI/2.0/OAI-PMH.xsd"><responseDate>2026-04-13T05:00:39Z</responseDate><request verb="GetRecord" identifier="oai:www.recercat.cat:2445/121835" metadataPrefix="marc">https://recercat.cat/oai/request</request><GetRecord><record><header><identifier>oai:recercat.cat:2445/121835</identifier><datestamp>2025-12-05T05:32:10Z</datestamp><setSpec>com_2072_1057</setSpec><setSpec>col_2072_478857</setSpec><setSpec>col_2072_478917</setSpec></header><metadata><record xmlns="http://www.loc.gov/MARC21/slim" xmlns:dcterms="http://purl.org/dc/terms/" xmlns:xsi="http://www.w3.org/2001/XMLSchema-instance" xmlns:doc="http://www.lyncode.com/xoai" xsi:schemaLocation="http://www.loc.gov/MARC21/slim http://www.loc.gov/standards/marcxml/schema/MARC21slim.xsd">
   <leader>00925njm 22002777a 4500</leader>
   <datafield ind2=" " ind1=" " tag="042">
      <subfield code="a">dc</subfield>
   </datafield>
   <datafield ind2=" " ind1=" " tag="720">
      <subfield code="a">Sola, Diego, 1988-</subfield>
      <subfield code="e">author</subfield>
   </datafield>
   <datafield ind2=" " ind1=" " tag="260">
      <subfield code="c">2018-04-24T19:05:27Z</subfield>
   </datafield>
   <datafield ind2=" " ind1=" " tag="260">
      <subfield code="c">2018-04-24T19:05:27Z</subfield>
   </datafield>
   <datafield ind2=" " ind1=" " tag="260">
      <subfield code="c">2015-07-06</subfield>
   </datafield>
   <datafield ind2=" " ind1=" " tag="260">
      <subfield code="c">2018-04-24T19:05:27Z</subfield>
   </datafield>
   <datafield ind2=" " ind1=" " tag="520">
      <subfield code="a">[spa] Este artículo trata de adentrarse en las interioridades del oficio de maestro de ceremonias en el Nápoles virreinal del primer tercio del siglo XVII. A través de sus textos, los libros de ceremonias, se explica una interpretación política, simbólica y gobernativa de un corpus ceremonial rico que culminó en el 'Libro de los Virreyes' del ceremoniero Jusepe Renao, de 1634-1637. La lectura y análisis de este manuscrito, conservado en la Biblioteca Nacional de España, permite dibujar un completo viaje ceremonial a la corte partenopea de los virreyes españoles.</subfield>
   </datafield>
   <datafield ind2=" " ind1=" " tag="520">
      <subfield code="a">[eng] This article  wants to analyze the exercise of the practice of  government and political representation through the ceremonial testimonies, the books of ceremonies, in the vice royal Naples of the first third of the 17th century.  The rich ceremonial corpus of  the  Neapolitan  viceroyalty  culminated  in  the  Libro  de  los  Virreyes (1634 - 1637)  of Jusepe  Renao.  A  personal  and  professional  profile  of  Renao  is  also  presented.  The  reading and analysis of this manuscript, preserved in the Biblioteca Nacional de España, with two more ceremonial sources and other contemporary witnesses, offers a complete ceremonial trip to the Neapolitan court of the Spanish viceroys, a journey that occupies the second part of this work.</subfield>
   </datafield>
   <datafield tag="653" ind2=" " ind1=" ">
      <subfield code="a">Virreis</subfield>
   </datafield>
   <datafield tag="653" ind2=" " ind1=" ">
      <subfield code="a">Ritus i cerimònies</subfield>
   </datafield>
   <datafield tag="653" ind2=" " ind1=" ">
      <subfield code="a">Nàpols (Regne)</subfield>
   </datafield>
   <datafield tag="653" ind2=" " ind1=" ">
      <subfield code="a">Naples (Kingdom)</subfield>
   </datafield>
   <datafield tag="653" ind2=" " ind1=" ">
      <subfield code="a">Viceroys</subfield>
   </datafield>
   <datafield tag="653" ind2=" " ind1=" ">
      <subfield code="a">Rites and ceremonies</subfield>
   </datafield>
   <datafield ind2="0" ind1="0" tag="245">
      <subfield code="a">En la corte de los virreyes. Ceremonial y práctica de gobierno en el virreinato de Nápoles (1595-1637)</subfield>
   </datafield>
   <datafield ind2="0" ind1="0" tag="245">
      <subfield code="a">At the viceroys court. Ceremonial and practice of government in the viceroyalty of Naples (1595-1637)</subfield>
   </datafield>
</record></metadata></record></GetRecord></OAI-PMH>